Siddhartha /

Saved in:
Bibliografiske detaljer
Hovedforfatter: Hesse, Herman
Andre forfattere: Holzwarth, Hedy
Format: Bog
Sprog:Malay
Fag:
Tags: Tilføj Tag
Ingen Tags, Vær først til at tagge denne postø!
LEADER 01167nam a2200325 4500
001 vtls000035901
005 20210709185941.0
003 MY-ArUMP
008 120308s2007 my g 000 f may d
020 |a 9789830682532  |c RM25.00 
026 |a Kuala Lumpur  |b Institut Terjemahan Negara Malaysia  |c 2007. 
035 |a (OCoLC)ocn762087311 
039 9 |a 201203081315  |b SMT  |c 201111291703  |d VLOAD  |c 201001120911  |d RAR  |c 200912020909  |d SMT  |y 200806101448  |z FS  |e NUI 
040 |a MYPMP  |b may  |e rda  |c MYPMP 
090 0 0 |a F HERS 2007 
100 1 |a Hesse, Herman. 
245 1 0 |a Siddhartha /  |c Hermann Hesse; penterjemah, Hedy Holzwarth. 
300 |a 168 pages  |c 19 cm. 
336 |a text  |b txt  |2 rdacontent  
337 |a unmediated  |b n  |2 rdamedia 
338 |a volume  |b nc  |2 rdacarrier 
541 |a UNIQUE NETWORK MARKETING SDN BHD  |d 16-02-09 
591 |a PER.2/KLBF/09/035(c) 
594 |a 08-06-09 
650 0 |a Malay fiction 
700 |a Holzwarth, Hedy. 
942 |2 lcc  |c BK-OS 
949 |a VIRTUAITEM  |d 10000  |f 1  |x 1  |6 034010 
999 |c 10261  |d 10261 
952 |0 0  |1 0  |2 lcc  |4 0  |6 F HERS 02007  |7 0  |9 12555  |a FSGM  |b FSGM  |c 2  |d 2021-07-09  |o F HERS 2007  |p 034010  |r 2021-07-09  |t 1  |w 2021-07-09  |y BK-OS